000 00277nam a2200121Ia 4500
005 20251222141857.0
008 251222s9999||||xx |||||||||||||| ||spa||
082 _a348.023/T75
100 _aTorres Vásquez, Aníbal
245 0 _aCódigo Civil
250 _a2a.ed.
942 _cLIB
999 _c7927
_d7927